[Event "Regionalliga SO 0506"]
[Site "Bayern"]
[Date "2005.12.11"]
[Round "4.3"]
[White "Hofmann, Juergen2222"]
[Black "Danzer, George"]
[Result "1/2-1/2"]
[WhiteElo "2167"]
[BlackElo "2109"]
[PlyCount "105"]
[EventDate "2005.10.23"]
[EventType "team-tourn"]
[EventRounds "9"]
[EventCountry "GER"]
[SourceTitle "EXT 2007"]
[Source "ChessBase"]
[SourceDate "2006.11.23"]
[SourceVersion "1"]
[SourceVersionDate "2006.11.23"]
[SourceQuality "1"]
[WhiteTeam "Graefelfing SK"]
[BlackTeam "Dorfen PSV"]
[WhiteTeamCountry "GER"]
[BlackTeamCountry "GER"]

1. e4 c5 2. Nf3 e6 3. d4 cxd4 4. Nxd4 a6 5. Nc3 Nc6 6. Be3 Nge7 7. Nb3 Na5 8. Bc5 Nec6 9. Bxf8 Rxf8 10. Qg4 Qf6 11. 0-0-0 Nxb3+ 12. axb3 Qg6 13. Qh4 b5 14. Bd3 Ne5 15. Be2 Bb7 16. Qf4 f6 17. f3 Qg5 18. Qd2 Qxd2+ 19. Rxd2 Ke7 20. Rhd1 Rfd8 21. Kb1 Rac8 22. Na2 Rc7 23. Nb4 d6 24. Nd3 Nxd3 25. Bxd3 h6 26. c4 bxc4 27. bxc4 a5 28. Rc1 a4 29. Rdc2 Rc5 30. Rc3 Rb8 31. Ka2 Bc6 32. Ka3 Bd7 33. Bc2 Ra5 34. Bd1 Ra7 35. c5 dxc5 36. Rxc5 Rab7 37. Rc7 Rxb2 38. Bxa4 Rd2 39. Bxd7 Rxd7 40. Rxd7+ Kxd7 41. Rd1+ Ke7 42. Rd2 e5 43. Rb2 Rxb2 44. Kxb2 Kd6 45. Kb3 Kc5 46. Kc3 h5 47. g3 Kb5 48. Kb3 g6 49. Kc3 Kc5 50. h3 Kb5 51. Kb3 g5 52. h4 Kc5 53. Kc3 1/2-1/2

[Event "Regionalliga SO 0405"]
[Site "Bayern"]
[Date "2005.04.10"]
[Round "9.3"]
[White "Marchhart, Matthias"]
[Black "Danzer, George"]
[Result "0-1"]
[WhiteElo "2036"]
[BlackElo "2064"]
[PlyCount "78"]
[EventDate "2004.10.24"]
[EventType "team-tourn"]
[EventRounds "9"]
[EventCountry "GER"]
[SourceTitle "EXT 2007"]
[Source "ChessBase"]
[SourceDate "2006.11.23"]
[SourceVersion "1"]
[SourceVersionDate "2006.11.23"]
[SourceQuality "1"]
[WhiteTeam "Trostberg"]
[BlackTeam "Dorfen PSV"]
[WhiteTeamCountry "GER"]
[BlackTeamCountry "GER"]

1. e4 c5 2. Nf3 d6 3. d4 cxd4 4. Nxd4 Nf6 5. Bd3 Nc6 6. Nb3 g6 7. c4 Bg7 8. Nc3 0-0 9. f3 b6 10. Be3 Ba6 11. Be2 Rc8 12. Nb5 Qd7 13. Rc1 Rfd8 14. N3d4 Nxd4 15. Bxd4 d5 16. exd5 Bxb5 17. cxb5 Rxc1 18. Qxc1 Qxd5 19. Be3 Qe5 20. f4 Qe6 21. Bc4 Nd5 22. Bxd5 Rxd5 23. Kf2 Rxb5 24. b3 Ra5 25. Qc2 Qf5 26. Qxf5 Rxa2+ 27. Kf3 gxf5 28. Rd1 Bf6 29. Rd8+ Kg7 30. Ra8 Ra3 31. Ke2 Rxb3 32. Rxa7 Rb2+ 33. Kf3 b5 34. Rb7 e6 35. Bc5 Rb1 36. Rb8 h5 37. h3 Bc3 38. Bf8+ Kh7 39. g4 Rb3 0-1

[Event "GER-ch internet U25"]
[Site "Playchess.com INT"]
[Date "2004.03.14"]
[Round "4"]
[White "Bogdanov, Andrei"]
[Black "Danzer, George"]
[Result "0-1"]
[WhiteElo "2107"]
[BlackElo "2065"]
[PlyCount "150"]
[EventDate "2004.03.14"]
[EventType "swiss (blitz)"]
[EventRounds "7"]
[EventCountry "GER"]
[SourceTitle "EXT 2005"]
[Source "ChessBase"]
[SourceDate "2004.11.15"]
[SourceVersion "1"]
[SourceVersionDate "2004.11.15"]
[SourceQuality "1"]

1. e4 c5 2. Nf3 d6 3. Bb5+ Bd7 4. Bxd7+ Qxd7 5. 0-0 Nc6 6. c3 e6 7. d4 cxd4 8. cxd4 d5 9. exd5 Qxd5 10. Nc3 Qd6 11. Re1 Be7 12. d5 exd5 13. Qxd5 Qxd5 14. Nxd5 0-0-0 15. Nxe7+ Ngxe7 16. Bg5 f6 17. Rac1 Rhe8 18. Be3 Kb8 19. g4 Nd5 20. Bc5 Rxe1+ 21. Rxe1 b6 22. Ba3 Kb7 23. h3 Kc7 24. Kh2 Kd7 25. Kg3 Re8 26. Rd1 Ke6 27. Rc1 Rc8 28. Nd4+ Kd7 29. Nf5 g6 30. Nd6 Rg8 31. Rd1 Ke6 32. f4 f5 33. Kf3 fxg4+ 34. hxg4 Nde7 35. Ne4 h6 36. Rd6+ Kf7 37. Rd7 Ke6 38. Rd6+ Kf7 39. b3 Rd8 40. Rf6+ Kg8 41. Ke3 Nd5+ 42. Kf3 Nxf6 43. Nxf6+ Kf7 44. Ne4 Rd1 45. Bb2 Rh1 46. Bc3 Rh2 47. Nf2 h5 48. Kg3 Rxf2 49. Kxf2 hxg4 50. Kg3 Ne7 51. Kxg4 Nd5 52. Bd2 Kf6 53. a4 a6 54. b4 b5 55. a5 Ke6 56. Kg5 Kf7 57. Be1 Kg7 58. Bd2 Kf7 59. Be1 Ne3 60. f5 Nxf5 61. Bf2 Ne7 62. Bd4 Nd5 63. Bc5 Nc7 64. Be3 Ne6+ 65. Kg4 Kf6 66. Bd2 Ke5 67. Bc3+ Ke4 68. Bf6 Kd3 69. Kf3 Kc4 70. Be7 Nd4+ 71. Kf4 Nc6 72. Bd6 Nxb4 73. Kg5 Nc6 74. Bc7 b4 75. Kxg6 b3 0-1

[Event "GER-ch internet U25"]
[Site "Playchess.com INT"]
[Date "2004.03.14"]
[Round "2"]
[White "Wehner, Roland"]
[Black "Danzer, George"]
[Result "1-0"]
[WhiteElo "2228"]
[BlackElo "2089"]
[PlyCount "55"]
[EventDate "2004.03.14"]
[EventType "swiss (blitz)"]
[EventRounds "7"]
[EventCountry "GER"]
[SourceTitle "EXT 2005"]
[Source "ChessBase"]
[SourceDate "2004.11.15"]
[SourceVersion "1"]
[SourceVersionDate "2004.11.15"]
[SourceQuality "1"]

1. e4 c5 2. c3 d5 3. exd5 Qxd5 4. d4 Nc6 5. Nf3 Bg4 6. Be2 e6 7. h3 Bh5 8. c4 Qd8 9. d5 exd5 10. cxd5 Bxf3 11. Bxf3 Nd4 12. 0-0 Be7 13. Re1 Nf6 14. Nc3 0-0 15. Be3 Nxf3+ 16. Qxf3 b6 17. Rad1 Ne8 18. d6 Bxd6 19. Bf4 Qb8 20. Rxe8 Rxe8 21. Rxd6 Re1+ 22. Kh2 Qe8 23. Qg3 Rd8 24. Nd5 Rxd6 25. Bxd6 Kh8 26. a3 h6 27. Nf4 Rd1 28. Nh5 1-0

[Event "Regionalliga SO 0203"]
[Site "Bayern"]
[Date "2003.03.30"]
[Round "9.2"]
[White "Danzer, George"]
[Black "Nurbekoglu, Michael"]
[Result "1/2-1/2"]
[WhiteElo "2127"]
[BlackElo "2085"]
[PlyCount "47"]
[EventDate "2002.10.20"]
[EventType "team"]
[EventRounds "9"]
[EventCountry "GER"]
[SourceTitle "EXT 2004"]
[Source "ChessBase"]
[SourceDate "2003.11.25"]
[SourceVersion "1"]
[SourceVersionDate "2003.11.25"]
[SourceQuality "1"]
[WhiteTeam "Dorfen"]
[BlackTeam "Landshut"]
[WhiteTeamCountry "GER"]
[BlackTeamCountry "GER"]

1. e4 e6 2. d4 d5 3. e5 c5 4. c3 Nc6 5. Nf3 Qb6 6. a3 c4 7. h4 Bd7 8. h5 Na5 9. Nbd2 Nh6 10. Rb1 f5 11. Nh4 Be7 12. Ndf3 Nf7 13. Rh3 Qb3 14. Qxb3 Nxb3 15. Be2 Nxc1 16. Rxc1 b5 17. Ra1 0-0 18. Rh1 a5 19. Kd2 b4 20. axb4 axb4 21. g3 Rfb8 22. Rxa8 Rxa8 23. Rb1 Ra2 24. Ng2 1/2-1/2

[Event "Internet Section 17-B"]
[Site "Dos Hermanas"]
[Date "2003.03.17"]
[Round "2"]
[White "Danzer, George"]
[Black "Prizant, Jaroslav"]
[Result "1-0"]
[WhiteElo "2211"]
[BlackElo "2483"]
[PlyCount "161"]
[EventDate "2003.03.17"]
[EventType "swiss (blitz)"]
[EventRounds "9"]
[EventCountry "ESP"]
[SourceTitle "EXT 2004"]
[Source "ChessBase"]
[SourceDate "2003.11.25"]
[SourceVersion "1"]
[SourceVersionDate "2003.11.25"]
[SourceQuality "1"]

1. e4 c5 2. Nf3 Nc6 3. c3 d5 4. exd5 Qxd5 5. d4 Bg4 6. Be2 e6 7. 0-0 Nf6 8. Be3 cxd4 9. Nxd4 Bxe2 10. Qxe2 Nxd4 11. Bxd4 Be7 12. Nd2 0-0 13. Qf3 Rfd8 14. Rfe1 Rac8 15. Ne4 Nxe4 16. Rxe4 b6 17. Qg4 Bf8 18. Re5 Qd7 19. Rh5 f5 20. Qe2 g6 21. Rh3 Bg7 22. Bxg7 Kxg7 23. Re3 Rc6 24. Re1 Rd6 25. h3 Re8 26. Qc4 Qc6 27. Qxc6 Rxc6 28. Rd1 Re7 29. f4 Rc5 30. Kf2 Kf6 31. Rd6 Ra5 32. a3 Ra4 33. g3 h6 34. Rd8 g5 35. Kf3 Rc4 36. Rh8 Kg7 37. Rd8 Kf6 38. Rd6 Rc8 39. b3 Rg8 40. g4 gxf4 41. Kxf4 fxg4 42. hxg4 Rg6 43. Re5 Kf7 44. c4 Rf6+ 45. Ke4 Rf1 46. Rh5 Kg6 47. b4 Re1+ 48. Kf4 Rf1+ 49. Ke4 Re1+ 50. Kf4 Ra1 51. Rd3 e5+ 52. Ke4 Re6 53. Kd5 Rf6 54. Rdh3 Rd1+ 55. Kxe5 Re1+ 56. Kd5 Rd1+ 57. Ke4 Re1+ 58. Kd4 Kg7 59. Rd5 Rf4+ 60. Kc3 Rxg4 61. c5 bxc5 62. Rxc5 Rc1+ 63. Kb3 Rb1+ 64. Ka4 Rg6 65. Rc7+ Kf6 66. Rxa7 Kf5 67. Ra5+ Kg4 68. Rah5 Ra1 69. Rxh6 Rg8 70. R6h4+ Kg5 71. Rg3+ Kxh4 72. Rxg8 Kh5 73. Rg3 Kh4 74. Rc3 Kg4 75. Kb5 Kf5 76. a4 Ke5 77. a5 Kd5 78. Rc5+ Kd6 79. Kb6 Rg1 80. a6 Rg8 81. a7 1-0

[Event "Internet Section 16-A"]
[Site "Dos Hermanas"]
[Date "2003.03.16"]
[Round "2"]
[White "Danzer, George"]
[Black "Labollita, Martin"]
[Result "0-1"]
[WhiteElo "2211"]
[BlackElo "2420"]
[PlyCount "84"]
[EventDate "2003.03.16"]
[EventType "swiss (blitz)"]
[EventRounds "9"]
[EventCountry "ESP"]
[SourceTitle "EXT 2004"]
[Source "ChessBase"]
[SourceDate "2003.11.25"]
[SourceVersion "1"]
[SourceVersionDate "2003.11.25"]
[SourceQuality "1"]

1. e4 c6 2. d4 d5 3. Nc3 dxe4 4. Nxe4 Nd7 5. Bc4 Ngf6 6. Ng5 e6 7. Qe2 Nb6 8. Bd3 h6 9. N5f3 c5 10. dxc5 Bxc5 11. Ne5 0-0 12. Bd2 Nbd5 13. 0-0-0 Qb6 14. Ngf3 Nb4 15. Bc4 a5 16. a4 Bxf2 17. g4 Nfd5 18. g5 h5 19. Rhf1 Be3 20. Nh4 Bxd2+ 21. Rxd2 Qe3 22. g6 Qxe2 23. Bxe2 f6 24. Nc4 Bd7 25. Bxh5 Bxa4 26. c3 Na2+ 27. Kb1 Bb5 28. Rd4 Rfc8 29. Nd6 Bxf1 30. Nxc8 Naxc3+ 31. bxc3 Rxc8 32. Bf3 Bc4 33. Bg4 Rc6 34. Nf3 Kf8 35. Bh3 Nxc3+ 36. Kc2 Nd5 37. Kd2 b5 38. Rh4 Ne7 39. Nd4 Rd6 40. Kc3 Nxg6 41. Rh7 Ne5 42. Bg2 b4+ 0-1

[Event "Internet Section 14-B"]
[Site "Dos Hermanas"]
[Date "2003.03.14"]
[Round "2"]
[White "Bachmann, Axel"]
[Black "Danzer, George"]
[Result "1-0"]
[WhiteElo "2146"]
[BlackElo "2211"]
[PlyCount "131"]
[EventDate "2003.03.14"]
[EventType "swiss (blitz)"]
[EventRounds "9"]
[EventCountry "ESP"]
[SourceTitle "EXT 2004"]
[Source "ChessBase"]
[SourceDate "2003.11.25"]
[SourceVersion "1"]
[SourceVersionDate "2003.11.25"]
[SourceQuality "1"]

1. e4 c5 2. Nf3 d6 3. d4 cxd4 4. Qxd4 Nc6 5. Bb5 Bd7 6. Bxc6 Bxc6 7. Nc3 e6 8. Bg5 Qb6 9. 0-0-0 Qxd4 10. Nxd4 h6 11. Bh4 g5 12. Bg3 Nf6 13. Nxc6 bxc6 14. Bxd6 Rd8 15. Bxf8 Rxf8 16. f3 Ke7 17. Rxd8 Rxd8 18. Rd1 Rb8 19. Ne2 c5 20. Rd3 Nd7 21. Rd1 Nb6 22. Nc3 a6 23. b3 Kf6 24. Rd6 Ke5 25. Rc6 c4 26. Kd2 h5 27. bxc4 h4 28. Ne2 Kf6 29. g3 Ke5 30. Ke3 hxg3 31. hxg3 Kf6 32. f4 gxf4+ 33. gxf4 a5 34. Nd4 Na4 35. e5+ Ke7 36. Rxe6+ fxe6 37. Nc6+ Kd7 38. Nxb8+ Kc7 39. Na6+ Kb6 40. f5 exf5 41. e6 Kc6 42. Kf4 Kd6 43. Kxf5 Ke7 44. Nb8 Nc5 45. Nc6+ Ke8 46. Nxa5 Ke7 47. Nc6+ Kd6 48. e7 Kd7 49. Kf6 Ke8 50. Nd4 Nd7+ 51. Ke6 Nc5+ 52. Kd6 Ne4+ 53. Ke5 Nc5 54. Nf5 Kd7 55. Kf6 Ne4+ 56. Kf7 Ng5+ 57. Kf8 Ne6+ 58. Kg8 Ng5 59. a4 Ke8 60. a5 Ne6 61. a6 Nc7 62. a7 Na8 63. Kg7 Nc7 64. Kf6 Kd7 65. Ng7 Kc6 66. a8Q+ 1-0

[Event "Regionalliga SO 0203"]
[Site "Bayern"]
[Date "2002.11.17"]
[Round "2.3"]
[White "Danzer, George"]
[Black "Hartl, Aldo"]
[Result "0-1"]
[WhiteElo "2132"]
[BlackElo "2092"]
[PlyCount "114"]
[EventDate "2002.10.20"]
[EventType "team"]
[EventRounds "9"]
[EventCountry "GER"]
[SourceTitle "EXT 2004"]
[Source "ChessBase"]
[SourceDate "2003.11.25"]
[SourceVersion "1"]
[SourceVersionDate "2003.11.25"]
[SourceQuality "1"]
[WhiteTeam "Dorfen"]
[BlackTeam "Trostberg"]
[WhiteTeamCountry "GER"]
[BlackTeamCountry "GER"]

1. e4 e5 2. Nf3 Nf6 3. Nxe5 d6 4. Nf3 Nxe4 5. d4 d5 6. h3 Bd6 7. Bd3 0-0 8. 0-0 Bf5 9. c4 dxc4 10. Bxc4 Nc6 11. a3 Qd7 12. Nh4 Nxd4 13. Nxf5 Nxf5 14. Qf3 Rae8 15. Nc3 Nd4 16. Qd3 Nxc3 17. Qxc3 Ne2+ 18. Bxe2 Rxe2 19. Be3 Qe6 20. Rfb1 Qe4 21. Rd1 Be5 22. Bd4 Rc2 23. Re1 Bxd4 24. Rxe4 Bxc3 25. bxc3 Rxc3 26. a4 a5 27. Rd1 g6 28. Rd7 Kg7 29. Kf1 b6 30. Rf4 h5 31. Ke1 Rc6 32. Re4 Kf6 33. h4 Rc2 34. g3 Rc6 35. Ke2 Rc2+ 36. Ke3 Rc5 37. Ree7 Rc4 38. Rxc7 Rxa4 39. Rb7 Rb4 40. Rec7 b5 41. Rb6+ Kg7 42. Rc5 a4 43. Rcxb5 Rxb5 44. Rxb5 Ra8 45. Rb2 a3 46. Ra2 Kf6 47. Ke4 Ke6 48. Kf4 Kd5 49. Kg5 Kc4 50. Kf6 Kb3 51. Ra1 Ra7 52. f3 Kb2 53. Re1 a2 54. g4 a1Q 55. Rxa1 Kxa1 56. gxh5 gxh5 57. f4 Kb2 0-1

[Event "Regionalliga SO 0203"]
[Site "Bayern"]
[Date "2002.10.20"]
[Round "1.3"]
[White "Linner, Christian"]
[Black "Danzer, George"]
[Result "1/2-1/2"]
[WhiteElo "2016"]
[BlackElo "2132"]
[PlyCount "114"]
[EventDate "2002.10.20"]
[EventType "team"]
[EventRounds "9"]
[EventCountry "GER"]
[SourceTitle "EXT 2004"]
[Source "ChessBase"]
[SourceDate "2003.11.25"]
[SourceVersion "1"]
[SourceVersionDate "2003.11.25"]
[SourceQuality "1"]
[WhiteTeam "Vogtareuth"]
[BlackTeam "Dorfen"]
[WhiteTeamCountry "GER"]
[BlackTeamCountry "GER"]

1. e4 c5 2. Nf3 d6 3. d4 cxd4 4. Nxd4 Nf6 5. Nc3 Nc6 6. Bg5 e6 7. Qd2 Be7 8. 0-0-0 0-0 9. f4 Nxd4 10. Qxd4 Qa5 11. Bc4 Bd7 12. e5 dxe5 13. fxe5 Bc6 14. Bd2 Nd7 15. Nd5 Qd8 16. Nxe7+ Qxe7 17. Rhe1 Rfd8 18. Qg4 Nf8 19. Bd3 Rxd3 20. cxd3 Qc5+ 21. Kb1 Qd5 22. Bb4 Ng6 23. Bd6 Qxg2 24. Qxg2 Bxg2 25. Rd2 Bc6 26. Rf2 Rd8 27. Rg1 f5 28. Rc1 Nh8 29. Rxc6 bxc6 30. d4 Nf7 31. Bc5 Rd7 32. Rf3 g5 33. Ra3 f4 34. Kc2 Kg7 35. Rxa7 Rxa7 36. Bxa7 Kf8 37. a4 Ke8 38. Bc5 g4 39. Kd3 Kd7 40. Bb4 Nh8 41. Bd2 Ng6 42. Ke4 f3 43. Be1 Kc7 44. b4 h5 45. Bf2 Kd7 46. b5 cxb5 47. axb5 h4 48. Ke3 Kc7 49. Ke4 Kd7 50. Bg1 Kc7 51. h3 f2 52. Bxf2 gxh3 53. Bg1 Ne7 54. Kf4 Nd5+ 55. Kg4 Kb6 56. Kxh3 Kxb5 57. Kxh4 Kc4 1/2-1/2

[Event "Regionalliga SO 0102"]
[Site "Bayern"]
[Date "2002.02.03"]
[Round "5.3"]
[White "Danzer, George"]
[Black "Pcola, Pavol"]
[Result "0-1"]
[WhiteElo "2135"]
[BlackElo "2400"]
[PlyCount "54"]
[EventDate "2001.10.07"]
[EventType "team"]
[EventRounds "9"]
[EventCountry "GER"]
[SourceTitle "EXT 2003"]
[Source "ChessBase"]
[SourceDate "2002.11.25"]
[SourceVersion "1"]
[SourceVersionDate "2002.11.25"]
[SourceQuality "1"]
[WhiteTeam "Dorfen"]
[BlackTeam "Tegernsee II"]
[WhiteTeamCountry "GER"]
[BlackTeamCountry "GER"]

1. e4 e6 2. d3 d5 3. Nd2 Nf6 4. Ngf3 b6 5. g3 Bb7 6. e5 Nfd7 7. Bg2 c5 8. Nf1 Nc6 9. Bf4 h6 10. h4 f5 11. h5 Be7 12. N1d2 Qc7 13. 0-0 0-0-0 14. Re1 Rdg8 15. a3 g5 16. hxg6 Rxg6 17. c4 d4 18. b4 Bg5 19. Bxg5 hxg5 20. bxc5 Nxc5 21. Qe2 Qh7 22. Nf1 Rh6 23. N3h2 Rxh2 24. Nxh2 Qxh2+ 25. Kf1 g4 26. Reb1 Qxg2+ 27. Kxg2 Nxe5+ 0-1

[Event "Bayern-ch 72nd"]
[Site "Freising"]
[Date "2001.09.01"]
[Round "1"]
[White "Danzer, George"]
[Black "Roeder, Frank"]
[Result "1-0"]
[WhiteElo "2199"]
[BlackElo "2263"]
[PlyCount "59"]
[EventDate "2001.09.01"]
[EventType "swiss"]
[EventRounds "9"]
[EventCountry "GER"]
[SourceTitle "EXT 2015"]
[Source "ChessBase"]
[SourceDate "2014.11.20"]
[SourceVersion "1"]
[SourceVersionDate "2014.11.20"]
[SourceQuality "1"]

1. e4 c5 2. Nf3 Nc6 3. c3 d5 4. exd5 Qxd5 5. d4 Nf6 6. Be3 cxd4 7. cxd4 e6 8. Nc3 Qd6 9. Bd3 Be7 10. a3 b6 11. 0-0 0-0 12. Qc2 Bb7 13. Rad1 Rac8 14. Rfe1 a6 15. Bg5 h6 16. Bc1 b5 17. Qe2 Rfd8 18. Ne4 Nxe4 19. Qxe4 Bf6 20. Bf4 Qd7 21. Be5 Nxe5 22. Qh7+ Kf8 23. dxe5 Bxf3 24. exf6 gxf6 25. gxf3 Ke7 26. Bg6 Qe8 27. Rxe6+ Kxe6 28. Re1+ Kd6 29. Rxe8 Rxe8 30. Qxf7 1-0

[Event "Landesliga Sued 0001"]
[Site "Bayern"]
[Date "2001.01.14"]
[Round "4"]
[White "Singer, Christoph"]
[Black "Danzer, George"]
[Result "1-0"]
[WhiteElo "1897"]
[BlackElo "2155"]
[PlyCount "59"]
[EventDate "2000.10.15"]
[EventType "team-tourn"]
[EventRounds "9"]
[EventCountry "GER"]
[SourceTitle "EXT 2020"]
[Source "ChessBase"]
[SourceDate "2019.10.17"]
[SourceVersion "1"]
[SourceVersionDate "2019.10.17"]
[SourceQuality "1"]
[WhiteTeam "Pfarrkirchen SC"]
[BlackTeam "Dorfen PSV"]
[WhiteTeamCountry "GER"]
[BlackTeamCountry "GER"]

1. d4 d5 2. Bf4 c6 3. c3 Qb6 4. Qb3 Nd7 5. Nd2 Ngf6 6. h3 g6 7. e3 Bg7 8. Ngf3 0-0 9. Be2 Re8 10. Bh2 c5 11. 0-0 c4 12. Qxb6 Nxb6 13. b3 cxb3 14. axb3 Ne4 15. Nxe4 dxe4 16. Nd2 f5 17. Ra5 Bd7 18. Rfa1 a6 19. Bc7 Nc8 20. b4 Na7 21. Bxa6 bxa6 22. Rxa6 Nb5 23. Rxa8 Nxc7 24. R8a7 Rc8 25. c4 Be8 26. b5 Ne6 27. Rxe7 Nxd4 28. Raa7 Ne2+ 29. Kf1 Bf8 30. Rec7 1-0

[Event "Bayern-chI Bank Hofmann 4th"]
[Site "Bad Wiessee"]
[Date "2000.11.03"]
[Round "7"]
[White "Danzer, George"]
[Black "Bader, Katharina"]
[Result "0-1"]
[WhiteElo "2198"]
[BlackElo "2082"]
[PlyCount "74"]
[EventDate "2000.10.28"]
[EventType "swiss"]
[EventRounds "9"]
[EventCountry "GER"]
[SourceTitle "EXT 2003"]
[Source "ChessBase"]
[SourceDate "2002.11.25"]
[SourceVersion "1"]
[SourceVersionDate "2002.11.25"]
[SourceQuality "1"]

1. e4 c5 2. Nf3 Nc6 3. d3 d6 4. g3 g6 5. Bg2 Bg7 6. c3 Nf6 7. 0-0 0-0 8. h3 Rb8 9. Be3 Qc7 10. Nh4 e5 11. g4 Qe7 12. Nf3 b5 13. Kh2 Be6 14. Ng1 h5 15. g5 Nd7 16. h4 Nb6 17. Ne2 d5 18. d4 exd4 19. cxd4 cxd4 20. Nxd4 Nxd4 21. Bxd4 Bxd4 22. Qxd4 dxe4 23. Re1 Qc7+ 24. Kg1 Rbd8 25. Qxe4 Bd5 26. Qe5 Qxe5 27. Rxe5 Bxg2 28. Kxg2 Rd1 29. Rxb5 Re8 30. a4 Ree1 31. a5 Nd7 32. Rb7 Ne5 33. Rb8+ Kg7 34. Re8 Rg1+ 35. Kh3 Rg4 36. Nc3 Rxa1 37. Rxe5 Rh1# 0-1

[Event "Bayern-chI Bank Hofmann 4th"]
[Site "Bad Wiessee"]
[Date "2000.10.30"]
[Round "3"]
[White "Danzer, George"]
[Black "Lau, Wolfgang"]
[Result "1-0"]
[WhiteElo "2198"]
[BlackElo "2019"]
[PlyCount "57"]
[EventDate "2000.10.28"]
[EventType "swiss"]
[EventRounds "9"]
[EventCountry "GER"]
[SourceTitle "EXT 2003"]
[Source "ChessBase"]
[SourceDate "2002.11.25"]
[SourceVersion "1"]
[SourceVersionDate "2002.11.25"]
[SourceQuality "1"]

1. c4 e5 2. Nc3 Nf6 3. g3 Nc6 4. Bg2 Bb4 5. e4 0-0 6. Nge2 d6 7. 0-0 Bc5 8. d3 h6 9. h3 a6 10. Kh2 Ne7 11. f4 exf4 12. Nxf4 c6 13. Bd2 Bb6 14. Qc2 Bc7 15. Rae1 b5 16. b4 Rb8 17. a3 g5 18. Nfd5 Nfxd5 19. exd5 bxc4 20. dxc4 cxd5 21. Nxd5 Ng6 22. Nf6+ Kh8 23. Bd5 Kg7 24. Bc3 Bb7 25. Nd7+ f6 26. Nxf8 Qxf8 27. Rxf6 Qxf6 28. Bxf6+ Kxf6 29. Re6+ 1-0

[Event "Passau op 8th"]
[Site "Passau"]
[Date "2000.04.22"]
[Round "4"]
[White "Fuchs, Michael"]
[Black "Danzer, George"]
[Result "0-1"]
[WhiteElo "2056"]
[BlackElo "2203"]
[PlyCount "91"]
[EventDate "2000.04.21"]
[EventType "swiss"]
[EventRounds "7"]
[EventCountry "GER"]
[SourceTitle "CBM 076 Extra"]
[Source "ChessBase"]
[SourceDate "2000.07.11"]
[SourceVersion "1"]
[SourceVersionDate "2000.07.11"]
[SourceQuality "1"]

1. Nf3 c5 2. c4 Nf6 3. Nc3 b6 4. d4 cxd4 5. Nxd4 Bb7 6. f3 d6 7. e4 a6 8. Be3 e6 9. Qd2 Be7 10. Be2 0-0 11. 0-0 Qc7 12. Rac1 Nbd7 13. Rfd1 Rad8 14. Bf1 Rfe8 15. Qf2 Rc8 16. Nc2 Ba8 17. Kh1 Qb8 18. Na3 Bd8 19. Qd2 Bc7 20. Bf4 Ne5 21. Be3 Rcd8 22. Qf2 Ned7 23. Qg1 Kh8 24. b4 Rg8 25. g3 g5 26. Bg2 Rg6 27. Qf2 Rdg8 28. Qe2 Ne5 29. Bd4 Nc6 30. Bf2 Nxb4 31. Rb1 Nc6 32. Na4 Ne5 33. Nxb6 g4 34. f4 Nf3 35. Nd5 Qd8 36. Nxf6 Qxf6 37. Bxf3 gxf3 38. Qxf3 Qg7 39. Bd4 e5 40. Be3 f5 41. Rd5 Bxd5 42. exd5 Rb8 43. Qd1 Rxb1 44. Qxb1 exf4 45. Bxf4 Qd4 46. Kg2 0-1

[Event "Passau op 8th"]
[Site "Passau"]
[Date "2000.04.21"]
[Round "1"]
[White "Danzer, George"]
[Black "Cserti, Stefan"]
[Result "1-0"]
[WhiteElo "2200"]
[BlackElo "1770"]
[PlyCount "55"]
[EventDate "2000.04.21"]
[EventType "swiss"]
[EventRounds "7"]
[EventCountry "GER"]
[SourceTitle "CBM 076 Extra"]
[Source "ChessBase"]
[SourceDate "2000.07.11"]
[SourceVersion "1"]
[SourceVersionDate "2000.07.11"]
[SourceQuality "1"]

1. e4 c5 2. Nf3 d6 3. d4 cxd4 4. Nxd4 Nf6 5. Nc3 a6 6. Bg5 e6 7. f4 Be7 8. Qf3 Nbd7 9. 0-0-0 Rb8 10. g4 b5 11. Nc6 Qb6 12. Nxb8 Qxb8 13. Bxf6 Nxf6 14. g5 Nd7 15. Bd3 Bb7 16. Rhg1 Qa7 17. Kb1 Bc6 18. Ne2 f5 19. gxf6 Bxf6 20. Qg4 Nf8 21. e5 dxe5 22. fxe5 h5 23. Bg6+ Nxg6 24. Qxg6+ Qf7 25. exf6 Qxg6 26. Rxg6 gxf6 27. Rxf6 Ke7 28. Rdf1 1-0

[Event "Faro op"]
[Site "Algarve"]
[Date "1999.08.13"]
[Round "4"]
[White "Danzer, George"]
[Black "Fernandez Siles, Luis"]
[Result "0-1"]
[WhiteElo "2203"]
[BlackElo "2227"]
[PlyCount "110"]
[EventDate "1999.08.10"]
[EventType "swiss"]
[EventRounds "9"]
[EventCountry "POR"]
[SourceTitle "EXT 2000"]
[Source "ChessBase"]
[SourceDate "1999.11.16"]
[SourceVersion "1"]
[SourceVersionDate "1999.11.16"]
[SourceQuality "1"]

1. e4 c5 2. Nf3 Nc6 3. c3 Nf6 4. e5 Nd5 5. d4 cxd4 6. cxd4 d6 7. exd6 Qxd6 8. Nc3 g6 9. a3 Bg7 10. Be3 0-0 11. Bc4 Nxc3 12. bxc3 b6 13. 0-0 Na5 14. Be2 Be6 15. Nd2 Rac8 16. Qa4 Qc6 17. Qb4 Bd5 18. c4 Nxc4 19. Nxc4 Bxc4 20. Rfc1 b5 21. Qxe7 Qe6 22. Qxe6 fxe6 23. Bg4 Kf7 24. a4 b4 25. a5 Bd5 26. Rcb1 b3 27. Bf3 Bxf3 28. gxf3 Rc3 29. Kf1 Rb8 30. Ke2 Rc2+ 31. Kd3 Ra2 32. Rxa2 bxa2 33. Ra1 Rb3+ 34. Kc2 Ra3 35. Kb2 Rxa5 36. Rxa2 Rxa2+ 37. Kxa2 Ke7 38. Kb3 Kd6 39. Kc4 Kc6 40. Bd2 Bf8 41. h3 Bd6 42. f4 Bc7 43. Bc3 Bxf4 44. f3 Bc7 45. Bb4 Bb6 46. Bc3 a5 47. Ba1 a4 48. Bb2 Ba5 49. Ba3 Bd2 50. Bb2 Bf4 51. Ba3 Bd6 52. Bb2 a3 53. Bc3 Bf4 54. Bb4 Bc1 55. Bc3 Bb2 0-1

[Event "Postbauer Heng op"]
[Site "Bayern"]
[Date "1999.04.??"]
[Round "6"]
[White "Danzer, George"]
[Black "Schatz, Christian"]
[Result "0-1"]
[WhiteElo "2246"]
[BlackElo "2193"]
[PlyCount "150"]
[EventDate "1999.??.??"]
[EventType "swiss"]
[EventRounds "9"]
[EventCountry "GER"]
[SourceTitle "EXT 2001"]
[Source "ChessBase"]
[SourceDate "2000.11.22"]
[SourceVersion "1"]
[SourceVersionDate "2000.11.22"]
[SourceQuality "1"]

1. e4 c6 2. d4 d5 3. exd5 cxd5 4. c4 Nf6 5. Nc3 g6 6. Bg5 Bg7 7. Nf3 Nbd7 8. Bd3 dxc4 9. Bxc4 0-0 10. 0-0 Nb6 11. Bb3 Bg4 12. Re1 e6 13. h3 Bxf3 14. Qxf3 h6 15. Bf4 Nbd5 16. Be5 Rc8 17. Rad1 Nxc3 18. bxc3 Nd5 19. c4 Nb6 20. Bxg7 Kxg7 21. Qxb7 Nxc4 22. Qxa7 Rc7 23. Qa6 Qc8 24. Qb5 Rd8 25. Qb4 Qa6 26. Qc3 Qa5 27. Rc1 Rdc8 28. Qa1 Kh7 29. Qc3 Kg7 30. Re2 Qxc3 31. Rxc3 Na5 32. Rxc7 Rxc7 33. Rc2 Rb7 34. Rc3 Kf6 35. Bc2 Rb4 36. Rc5 Nb7 37. Rc7 Nd6 38. a4 Rxd4 39. a5 Rd5 40. a6 Ra5 41. a7 Nb5 42. Rc5 Ra1+ 43. Kh2 Nxa7 44. Bd3 Ra2 45. Rc7 g5 46. Kg1 h5 47. g3 h4 48. gxh4 gxh4 49. Rc4 Ra3 50. Bf1 Kg5 51. Rg4+ Kf5 52. Rxh4 Nc6 53. Kg2 Ne7 54. Rh5+ Kg6 55. Re5 Nd5 56. Kh2 Kf6 57. Re2 Kf5 58. Bg2 Nf4 59. Re3 Ra2 60. Kg1 f6 61. Rb3 e5 62. Rb7 Nd3 63. Rb3 Rd2 64. Bf1 Nf4 65. Bg2 Kg5 66. Rg3+ Kh4 67. Re3 Kg5 68. Rg3+ Kf5 69. Re3 Rd8 70. Ra3 Rg8 71. Rg3 Ne2+ 72. Kh2 Nxg3 73. fxg3 e4 74. h4 Re8 75. Kg1 Kg4 0-1